| 000 | 00583nam a2200229Ia 4500 | ||
|---|---|---|---|
| 003 | OSt | ||
| 005 | 20220918180505.0 | ||
| 006 | a|||||r|||| 00| 0 | ||
| 007 | ta | ||
| 008 | 220917b |||||||| |||| 00| 0 eng d | ||
| 024 | _a22,569 | ||
| 037 | _cTextual | ||
| 040 |
_aARTS _cARTS _beng |
||
| 041 |
_2eng _aeng |
||
| 082 | _aO:6M83x, G1 | ||
| 100 |
_aEastern Max _956363 |
||
| 245 | 0 |
_aLiterary man _b its place in an age of science |
|
| 260 | _c1931 | ||
| 650 | _aENGLISH LITERATURE | ||
| 942 |
_hO:6M83x, G1 _cTEXL _2CC |
||
| 999 |
_c161784 _d161784 |
||